00569 2200205 4500001002100000005001500021035002000036007000300056008004100059020002200100082001000122084001600132100001600148245003000164250001400194260006800208300005500276650001600331990001600347INLIS00000000000180020260211014503 a0010-0226000007ta260211 b 0 ind  a978-602-437-853-0 a741,5 a741,5 WAT s0 aWatiek Ideo1 aSalam Sawu /cWatiek Ideo acetakan 1 aJakarta timur :bBadan pengembangan dan pembinaan bahasa,c2019 aiv, 20 Halaman :bIlustrasi berwarna ;c29 x 21 cm 4aCerita anak a00000003502